header

Coordination polymers and metal organic frameworks (Record no. 59381)

MARC details
000 -LEADER
fixed length control field 02381nam a2200373 a 4500
082 04 - DEWEY DECIMAL CLASSIFICATION NUMBER
Classification number 547/.7
245 00 - TITLE STATEMENT
Title Coordination polymers and metal organic frameworks
260 ## - PUBLICATION, DISTRIBUTION, ETC. (IMPRINT)
Place of publication Hauppauge, N.Y. :
Name of publisher Nova Science Publishers,
Year of publication c2012.
300 ## - PHYSICAL DESCRIPTION
Number of Pages iv, 307 p. :
Other physical details ill.
490 1# - SERIES STATEMENT
Series statement Chemical engineering methods and technology
Series statement Materials science and technologies
505 0# - FORMATTED CONTENTS NOTE
Formatted contents note Hybrid vandates, towards metal-organic frameworks -- Structure and magnetic properties of mono - and polynuclear complexes containing rhenium(IV) -- The applications ofmetal organic frameworks in the fields of hydrogen storage and catalysis -- MOF-based mixed-matrix-membranes for industrial applications -- Cooridination polymers : opportunities in heterogeneous catalysis -- High pressure gas storage on porous solids : a comparative study of MOFs and activated carbons -- Metal-organic frameworks for CO 2 capture : what are learned from molecular simulations -- Halogen bonding in the assembly of high-dimensional supramolecular coordination polymers -- Subtractive approach for introducing functional groups onto metal-organic framework -- Performance of metal-organic framework MIL-101 in the liquid phase adsorption of heterocyclic nitrogen compounds.
650 #0 - SUBJECT ADDED ENTRY--TOPICAL TERM
Topical Term Coordination polymers.
700 1# - ADDED ENTRY--PERSONAL NAME
Personal name Ortiz, Oscar L.
Personal name Ram�irez, Luis D.
856 40 - ELECTRONIC LOCATION AND ACCESS
Uniform Resource Identifier http://site.ebrary.com/lib/rucke/Doc?id=10677955

No items available.

© 2026 Rongo University
Contact us: librarian | system librarian | Rongo university